000 01084cab a2200409 4500
001 ABS49628
008 090401t1993 xxu||||| |||| 00| 0 eng d
035 _a(Sirsi) u72005
041 _aeng
245 _aEstates Times survey: Surrey
260 _c1993
350 _a0
490 _aEstates Times
_v(1211) 5 November 1993, 22-40(18)
650 _aBROOKLANDS
650 _aCHERTSEY
650 _aCROYDON
650 _aDORKING
650 _aEGHAM
650 _aEPSOM
650 _aESHER
650 _aGUILDFORD
650 _aKINGSTON-UPON-THAMES
650 _aLEATHERHEAD
650 _aPROPERTY-COMMERCIAL PROPERTY-OFFICE PROPERTY-OFFICE PROPERTY MARKET
650 _aREDHILL
650 _aREIGATE
650 _aPROPERTY-COMMERCIAL PROPERTY-RETAIL PROPERTY-RETAIL PROPERTY MARKET
650 _aRICHMOND
650 _aSURREY FIRST
650 _aSURREY
650 _aTRAFALGAR HOUSE
650 _aWALTON-ON-THAMES
650 _aWOKING
690 _aPROPERTY-COMMERCIAL PROPERTY-COMMERCIAL PROPERTY MARKET
942 _n0
948 _c04/03/1997
999 _c45422
_d45422